000 00451nam a2200181Ia 4500
001 3708
005 20260306145703.0
008 260306t2011||||xx |||||||||||||| ||spa||
041 _aESP
082 _a302
_bR84
100 _aRoss, Lee
_eAUT
245 4 _aThe person and the situation:
_bperspectives of social psychology
260 _c2011
300 _axvi, 288 páginas :
_c23 cm.
650 _aGEN
654 _aCPS
942 _cLIB
_dJUS
_fJUS
_2ddc
_n
999 _c3708
_d3708